000 00297nam a2200121 a 4500
008 101022s1959|||| d
100 1 _aKuznecov, Anatolij
245 1 0 _aLegenda pokračuje
260 _bSlvoenský spisovateľ
_aBratislava
_c1959
020 _c13
041 _aslo
044 _axo
_cSK
999 _c12039
_d12039